From human ecology to impoverishment risks: a critical analysis of the two major theories of development induced displacement (Record no. 509369)

000 -LEADER
fixed length control field 00545nam a2200169 4500
008 - FIXED-LENGTH DATA ELEMENTS--GENERAL INFORMATION
fixed length control field 190506b ||||| |||| 00| 0 eng d
100 ## - MAIN ENTRY--PERSONAL NAME
Personal name Beegom R.K., Bushra
245 ## - TITLE STATEMENT
Title From human ecology to impoverishment risks: a critical analysis of the two major theories of development induced displacement
260 ## - PUBLICATION, DISTRIBUTION, ETC. (IMPRINT)
Date of publication, distribution, etc 2018
300 ## - PHYSICAL DESCRIPTION
Extent p.59-72.
650 ## - SUBJECT ADDED ENTRY--TOPICAL TERM
Topical term or geographic name as entry element Displacement
9 (RLIN) 5082
650 ## - SUBJECT ADDED ENTRY--TOPICAL TERM
Topical term or geographic name as entry element Rehabilitation
9 (RLIN) 5083
700 ## - ADDED ENTRY--PERSONAL NAME
Personal name Samseer R.H.
9 (RLIN) 5084
773 ## - HOST ITEM ENTRY
Main entry heading Man and Development
906 ## - LOCAL DATA ELEMENT F, LDF (RLIN)
Subject DIP Economic development
942 ## - ADDED ENTRY ELEMENTS (KOHA)
Source of classification or shelving scheme
Item type Articles
Holdings
Withdrawn status Lost status Source of classification or shelving scheme Damaged status Not for loan Permanent location Current location Date acquired Serial Enumeration / chronology Barcode Date last seen Koha item type
          Indian Institute of Public Administration Indian Institute of Public Administration 2019-05-06 40(4), Dec, 2018: p.59-72. AR119565 2019-05-06 Articles

Powered by Koha